000 00352 a2200157 4500
001 58272
020 _a850804321X
040 _cAnchieta - Pituba
100 _aAlencar, José de
240 1 0 _aCinco minutos; a viuvinha
_lpor
245 1 0 _aCinco minutos; a viuvinha
300 _a96
362 0 _a1998
650 4 _aFicção brasileira
942 _cBK
999 _c58272
_d58272